00323nam a2200121Ia 4500008004100000040001700041041001200058082001800070100002100088245004400109260003700153300001100190230917s9999||||xx |||||||||||||| ||und|| e112005aMAIN aEnglish a362.1068 E74E aFallon,L Fleming 0aEssentials of public health management. aBostonbJones and Bartlettc2005 a524 p.